000 00546nam a2200157Ia 4500
008 210716s1998 xx 000 0 und d
020 _a0138577234
041 _aeng
082 _a658.4038 LAUK
100 _aLaudon, Kenneth C;Laudon, Jane P.
245 _aManagement information systems: new approaches to organization and technology.
_bNew approaches to organization and technology.
250 _a1
260 _aNew York
_bPrentice Hall of India PVt Ltd.
_c1998
300 _axxviii,693,ICS34,013
650 _aManagement Information Systems
999 _c203069
_d203069